01335nab a22002657a 4500003000400000005001700004008004100021040000700062100004000069245022800109260007300337300001300410500003700423505017600460505008100636650001800717650001800735650001600753650001900769650002900788650002900817650002300846650005100869773014900920OSt20260213114133.0190429b xxu||||| |||| 00| 0 spa d cPJ aRojas Busellato, Diomedes Guillermo13aEl decreto de necesidad y urgencia N.º 188/2024 :bnuevo plan para la puesta en vigencia del Código Procesal Penal Federal. Importancia de su implementación y análisis crítico /cDiomedes Guillermo Rojas Busellato. cCiudad Autónoma de Buenos Aires :aThomson Reuters La Ley, b2024. ap. 11-26 aCita: TR LALEY AR/DOC/1091/2024. aSumario: I. Introducción.— II. Contextualización - el camino hacia la reforma legislativa.— III. Los ejes de la reforma.— IV. Conclusión.— V. Bibliografía. tSi te interesa el texto completo, solicitalo a koha@justierradelfuego.gov.ar 0aDERECHO PENAL 0aPROCESO PENAL 0aJUICIO ORAL 0aACCIÓN PENAL 0aPRINCIPIO DE CONGRUENCIA 0aDERECHOS DE LA VÍCTIMA 0aCARGA DE LA PRUEBA 0aGARANTÍA A SER JUZGADO EN UN PLAZO RAZONABLE0 02658tRevista de derecho penal y criminología. Nº 7 - Junio 2024dCiudad Autónoma de Buenos Aires : Thomson Reuters La Ley, 2017-x00347914